000
00335nam a2200133Ia 4500
008
240624s9999 xx 000 0 und d
041
_a
eng
082
_a
657.45 VEN
100
_a
VENKATARAMAN V
245
_a
AUDIT COMMITTE HANDBOOK
260
_c
2005
_a
New Delhi
_b
Tata McGrawhill
300
_a
xiv, : 263 : p. : cm. ; 24
365
_c
RS
999
_c
3076
_d
3076